000 00451nam a2200181Ia 4500
005 20250326142802.0
008 250326s9999 xx 000 0 und d
037 _aTextbook
040 _aFMSL
_beng
_cFMSL
041 _aeng
_2eng
084 _qFMSL
100 _aChopra R
245 0 _aBook hives Bank Probationary officer Exam
_cChopra R
260 _aBook
_bBook, hives
_c1984
300 _av.
942 _cTB
999 _c1296617
_d1296617